| 000 | 00372nam a2200145Ia 4500 | ||
|---|---|---|---|
| 008 | 230312s9999||||xx |||||||||||||| ||und|| | ||
| 020 | _a9780071829465 | ||
| 082 |
_a621.382 _bHSU-S |
||
| 100 | _aMarrone,Mauricio | ||
| 245 | 0 | _aDigital transformations in business | |
| 260 |
_bMcgraw Hill _aUSA _c2014 |
||
| 300 | _a496 | ||
| 650 |
_aComputer _vSignal theory |
||
| 942 | _cBK | ||
| 999 |
_c17582 _d17582 |
||